[Event "XXXVI Weekend A Epifania"]
[Site "Torino ITA"]
[Date "2011.01.09"]
[Round "6"]
[White "Quirico, Paolo"]
[Black "Pulito, Alberto"]
[Result "1/2-1/2"]
[WhiteElo "2156"]
[BlackElo "2282"]
[PlyCount "99"]
[EventDate "2011.01.05"]

1. e4 d6 2. d4 Nf6 3. Nc3 e5 4. dxe5 dxe5 5. Qxd8+ Kxd8 6. Bc4 Ke8 7. Nf3 Bd6
8. Bg5 Nbd7 9. O-O a6 10. a4 Nb6 11. Bb3 Bg4 12. Nd2 c6 13. h3 Bh5 14. Bxf6
gxf6 15. g4 Bg6 16. Nc4 Nc8 17. Nxd6+ Nxd6 18. f3 h5 19. Kg2 a5 20. Rad1 Ke7
21. Rd2 hxg4 22. hxg4 f5 23. Rfd1 fxg4 24. Rxd6 gxf3+ 25. Kf2 Rh2+ 26. Ke3 Rah8
27. R6d2 R2h3 28. Rf2 Rg3 29. Rdf1 Rhh3 30. Rxf3 Bh5 31. Rxg3 Rxg3+ 32. Kd2
Rg2+ 33. Kc1 Bg6 34. Bc4 Rh2 35. Bd3 Kd6 36. Bc4 Ke7 37. b3 Rh4 38. Bd3 Kd6 39.
Bc4 Kc5 40. Bxf7 Bxe4 41. Re1 Bh7 42. Rxe5+ Kd4 43. Rg5 Kxc3 44. Rg3+ Kb4 45.
Kb2 Rh2 46. Bg6 Bxg6 47. Rg4+ Kc5 48. Rxg6 Rf2 49. Rg5+ Kb6 50. Rh5 1/2-1/2

[Event "XXXVI Weekend A Epifania"]
[Site "Torino ITA"]
[Date "2011.01.09"]
[Round "6"]
[White "Manni, Stefano"]
[Black "Hofmann, Martin"]
[Result "1-0"]
[WhiteElo "2017"]
[BlackElo "2175"]
[PlyCount "66"]
[EventDate "2011.01.05"]

1. d4 Nf6 2. Nf3 b6 3. e3 c5 4. Bd3 g6 5. O-O Bg7 6. c4 O-O 7. d5 d6 8. Nc3 Na6
9. e4 Nc7 10. a4 e6 11. dxe6 Nxe6 12. Nd5 Nxd5 13. cxd5 Nd4 14. Nxd4 Bxd4 15.
Bh6 Re8 16. Rb1 Qh4 17. Qd2 Be5 18. g3 Qh3 19. Bf4 Bd7 20. Bxe5 Rxe5 21. a5 f6
22. axb6 axb6 23. Ra1 Ree8 24. Qf4 Qh5 25. Rxa8 Rxa8 26. Qxd6 Bh3 27. Re1 Qf3
28. Bf1 Bxf1 29. Qe6+ Kf8 30. Rxf1 h5 31. Qd6+ Kg7 32. Qe7+ Kh6 33. h4 Rg8 1-0

[Event "XXXVI Weekend A Epifania"]
[Site "Torino ITA"]
[Date "2011.01.09"]
[Round "6"]
[White "Grinza, Andrea"]
[Black "Ratti, Marco"]
[Result "1/2-1/2"]
[WhiteElo "2132"]
[BlackElo "1944"]
[PlyCount "193"]
[EventDate "2011.01.05"]

1. d4 f5 2. g3 Nf6 3. Bg2 g6 4. Nc3 d5 5. Bg5 c6 6. Bxf6 exf6 7. e3 Be6 8. Nge2
Nd7 9. Nf4 Bf7 10. g4 g5 11. Nd3 Bg6 12. gxf5 Bxf5 13. Qf3 Bg6 14. O-O-O f5 15.
Qg3 Qf6 16. h4 g4 17. h5 Bf7 18. f3 Bd6 19. Qe1 gxf3 20. Bxf3 O-O-O 21. Na4
Rhg8 22. Qa5 Kb8 23. Ndc5 Nxc5 24. Nxc5 Bxc5 25. Qxc5 Rg3 26. Rdf1 Re8 27. Rf2
Rxe3 28. Qf8+ Re8 29. Qb4 Qg5+ 30. Qd2 Rg1+ 31. Rxg1 Qxg1+ 32. Bd1 Bxh5 33.
Qf4+ Ka8 34. Rf1 Qg6 35. Qxf5 Bxd1 36. Kxd1 Qxf5 37. Rxf5 a5 38. Rh5 Re7 39.
Rh6 Kb8 40. Kd2 Kc8 41. Kc3 Kd7 42. Kb3 Kc7 43. Ka4 Kb6 44. c3 Ka6 45. Kb3 Kb5
46. Rf6 a4+ 47. Ka3 Ka5 48. Rd6 Rc7 49. Rd8 b5 50. Ra8+ Kb6 51. Kb4 Re7 52.
Rb8+ Kc7 53. Ra8 Kd6 54. Rd8+ Rd7 55. Rc8 Rg7 56. Rd8+ Ke7 57. Rc8 Kd6 58. Rd8+
Rd7 59. Rc8 Rc7 60. Rd8+ Ke7 61. Rh8 Kf6 62. Kc5 Kg7 63. Re8 h5 64. Kd6 Rf7 65.
Kxc6 Rf2 66. Re5 Kg6 67. Kxb5 Rxb2+ 68. Kxa4 Rxa2+ 69. Kb5 Rc2 70. Kb4 h4 71.
Rxd5 h3 72. Rd8 Kg7 73. Rd5 h2 74. Rh5 Kg6 75. Rh8 Kf5 76. c4 Ke4 77. Kc5 Kd3
78. Rh3+ Ke4 79. Rh4+ Kd3 80. Kd5 Rg2 81. Rh3+ Ke2 82. c5 Kf2 83. c6 Rg5+ 84.
Kd6 Rg6+ 85. Kc5 Kg2 86. Rh8 Rg3 87. Rxh2+ Kxh2 88. c7 Rc3+ 89. Kb6 Rb3+ 90.
Kc6 Rc3+ 91. Kd7 Kg3 92. d5 Kf4 93. d6 Ke5 94. Ke7 Rc6 95. d7 Rxc7 96. Ke8 Rxd7
97. Kxd7 1/2-1/2

[Event "XXXVI Weekend A Epifania"]
[Site "Torino ITA"]
[Date "2011.01.09"]
[Round "6"]
[White "Banchio, Davide"]
[Black "Finocchiaro, Gianluca"]
[Result "0-1"]
[WhiteElo "1968"]
[BlackElo "2108"]
[PlyCount "40"]
[EventDate "2011.01.05"]

1. c4 e5 2. Nc3 Nc6 3. g3 g6 4. Bg2 Bg7 5. Nf3 d6 6. O-O Nge7 7. a3 a5 8. Rb1
O-O 9. d3 f5 10. e4 h6 11. b4 axb4 12. axb4 f4 13. gxf4 Bg4 14. Qb3 Bxf3 15.
Bxf3 Nd4 16. Qd1 exf4 17. Nd5 Nec6 18. Bb2 Ra2 19. Bxd4 Nxd4 20. b5 Rd2 0-1

[Event "XXXVI Weekend A Epifania"]
[Site "Torino ITA"]
[Date "2011.01.09"]
[Round "6"]
[White "Barbiso, Tiziana"]
[Black "Matta, Francesca"]
[Result "1-0"]
[WhiteElo "2042"]
[BlackElo "1877"]
[PlyCount "85"]
[EventDate "2011.01.05"]

1. e4 c5 2. Nc3 Nc6 3. f4 a6 4. Nf3 g6 5. d3 Bg7 6. Be2 d6 7. O-O e6 8. Qe1 Nd4
9. Bd1 Ne7 10. Ne2 Nec6 11. c3 Nxf3+ 12. Rxf3 O-O 13. Ng3 f5 14. a4 b6 15. Bb3
Kh8 16. Bd2 Re8 17. Qf2 Bb7 18. Re1 Qd7 19. Rfe3 Na5 20. Bc2 Bc6 21. Qe2 Bh6
22. exf5 Bxf4 23. Rxe6 Bxg3 24. hxg3 gxf5 25. Bf4 Rxe6 26. Qxe6 Qxe6 27. Rxe6
b5 28. axb5 axb5 29. Bxd6 c4 30. d4 Kg8 31. Bxf5 Nb7 32. Be5 Bd7 33. Bxh7+ Kf7
34. Rf6+ Ke7 35. Be4 Ra1+ 36. Rf1 Ra7 37. Bd5 Nd6 38. Bf6+ Kf8 39. Re1 Bg4 40.
Bf3 Bf5 41. g4 Bd7 42. Be7+ Kf7 43. Bxd6 1-0

[Event "XXXVI Weekend A Epifania"]
[Site "Torino ITA"]
[Date "2011.01.09"]
[Round "7"]
[White "Gallucci, Alessio"]
[Black "Passerotti, Pierluigi"]
[Result "0-1"]
[WhiteElo "2218"]
[BlackElo "2255"]
[PlyCount "58"]
[EventDate "2011.01.05"]

1. e4 c5 2. Nf3 d6 3. d4 cxd4 4. Nxd4 Nf6 5. Nc3 a6 6. Bg5 e6 7. f4 h6 8. Bh4
Qb6 9. Qd2 Qxb2 10. Rb1 Qa3 11. Be2 Be7 12. O-O Nbd7 13. e5 dxe5 14. fxe5 Nxe5
15. Bxf6 Bxf6 16. Rxf6 gxf6 17. Ne4 Nd7 18. Rb4 Qa5 19. Nd6+ Ke7 20. Bb5 axb5
21. N4f5+ exf5 22. Nxf5+ Kd8 23. Nd6 Rf8 24. h3 Qb6+ 25. Kh2 Qc7 26. Rd4 Rxa2
27. Qxh6 Rxc2 28. Qf4 Rc4 29. Nxb7+ Bxb7 0-1

[Event "XXXVI Weekend A Epifania"]
[Site "Torino ITA"]
[Date "2011.01.09"]
[Round "7"]
[White "Pulito, Alberto"]
[Black "Manni, Stefano"]
[Result "1-0"]
[WhiteElo "2282"]
[BlackElo "2017"]
[PlyCount "41"]
[EventDate "2011.01.05"]

1. e4 e5 2. d4 exd4 3. Qxd4 Nc6 4. Qe3 Nf6 5. Nc3 Bb4 6. Bd2 O-O 7. O-O-O Re8
8. Qg3 Nxe4 9. Nxe4 Rxe4 10. c3 Bf8 11. Bd3 Re8 12. Nf3 g6 13. h4 d6 14. h5 Bg7
15. hxg6 hxg6 16. Bg5 Bf6 17. Rh8+ Kxh8 18. Qh4+ Kg7 19. Qh6+ Kg8 20. Bxg6
Bxg5+ 21. Nxg5 1-0

[Event "XXXVI Weekend A Epifania"]
[Site "Torino ITA"]
[Date "2011.01.09"]
[Round "7"]
[White "Barletta, Mauro"]
[Black "Grinza, Andrea"]
[Result "1-0"]
[WhiteElo "2247"]
[BlackElo "2132"]
[PlyCount "101"]
[EventDate "2011.01.05"]

1. d4 Nf6 2. Bg5 d6 3. Nc3 g6 4. e4 Bg7 5. e5 dxe5 6. dxe5 Nfd7 7. Nd5 c6 8.
Nxe7 Qa5+ 9. Qd2 Qxd2+ 10. Kxd2 Nc5 11. Nxc8 Ne4+ 12. Ke3 Nxg5 13. Nd6+ Ke7 14.
f4 Ne6 15. Nxb7 Nd7 16. Na5 Rac8 17. Ba6 Rc7 18. Ne2 Nb6 19. Bc4 Nc5 20. Nd4
Rhc8 21. Bb3 Nxb3 22. axb3 f6 23. exf6+ Bxf6 24. Rhd1 a6 25. c3 c5 26. Nf3 Re8
27. Re1 Kf7+ 28. Kf2 Rxe1 29. Nxe1 Ke6 30. Nf3 Be7 31. g3 Bf6 32. Re1+ Kd5 33.
Ne5 Kd6 34. Nac4+ Nxc4 35. Nxc4+ Kd7 36. Rd1+ Ke7 37. Rd6 Rb7 38. Rxa6 Rxb3 39.
Kf3 Kf7 40. Ke4 Be7 41. Kd5 Rb7 42. Kc6 Rb8 43. Kc7 Re8 44. Ne5+ Kf8 45. Rc6
Bd8+ 46. Kd7 Be7 47. Rc8 Rxc8 48. Kxc8 Kg7 49. Kd7 Kf6 50. g4 g5 51. fxg5+ 1-0

[Event "XXXVI Weekend A Epifania"]
[Site "Torino ITA"]
[Date "2011.01.09"]
[Round "7"]
[White "Ratti, Marco"]
[Black "Barbiso, Tiziana"]
[Result "1/2-1/2"]
[WhiteElo "1944"]
[BlackElo "2042"]
[PlyCount "49"]
[EventDate "2011.01.05"]

1. d4 d5 2. Nf3 Nf6 3. g3 c6 4. Bg2 Bf5 5. O-O e6 6. c4 Nbd7 7. Nc3 dxc4 8. a4
Bb4 9. Nh4 Bg6 10. Nxg6 hxg6 11. Bg5 Qa5 12. h4 Nd5 13. Ne4 N7f6 14. Qc2 Nxe4
15. Bxe4 f5 16. Bg2 c3 17. e4 Nf6 18. bxc3 Bxc3 19. Rab1 O-O 20. exf5 gxf5 21.
Bxf6 Rxf6 22. Rxb7 Bxd4 23. Qxc6 Rd8 24. Re7 Qe5 25. Qc7 1/2-1/2

[Event "XXXVI Weekend A Epifania"]
[Site "Torino ITA"]
[Date "2011.01.09"]
[Round "7"]
[White "Cacinschi, Alexandru"]
[Black "Pozzi, Massimo"]
[Result "1/2-1/2"]
[WhiteElo "1969"]
[BlackElo "2035"]
[PlyCount "81"]
[EventDate "2011.01.05"]

1. d4 d5 2. Nf3 Nf6 3. c4 c6 4. Nc3 a6 5. c5 g6 6. Bf4 Bg7 7. h3 O-O 8. e3 Nfd7
9. Be2 f6 10. O-O e5 11. Bh2 e4 12. Nd2 f5 13. Bd6 Rf7 14. b4 Nf8 15. a4 Ne6
16. b5 f4 17. Qb3 Qg5 18. Ndxe4 dxe4 19. Nxe4 Qd5 20. Qxd5 cxd5 21. Nc3 fxe3
22. Nxd5 Nxd4 23. Bc4 Be6 24. fxe3 axb5 25. axb5 Rxa1 26. Rxa1 Ne2+ 27. Bxe2
Bxa1 28. Nf4 Rxf4 29. exf4 Bd4+ 30. Kh2 Nd7 31. c6 bxc6 32. bxc6 Nb6 33. Bd3
Kf7 34. g4 Bd5 35. c7 Ke6 36. Bf8 Kd7 37. h4 Bf6 38. h5 Bf7 39. g5 Be7 40. Bxe7
Kxe7 41. hxg6 1/2-1/2

[Event "XXXVI Weekend A Epifania"]
[Site "Torino ITA"]
[Date "2011.01.09"]
[Round "7"]
[White "Hofmann, Martin"]
[Black "Banchio, Davide"]
[Result "1-0"]
[WhiteElo "2175"]
[BlackElo "1968"]
[PlyCount "71"]
[EventDate "2011.01.05"]

1. c4 Nf6 2. Nc3 g6 3. Nf3 Bg7 4. d4 d6 5. e4 O-O 6. Be2 e5 7. O-O Nc6 8. d5
Ne7 9. b4 Nh5 10. Re1 f5 11. Ng5 Nf6 12. Bf3 c6 13. Ba3 cxd5 14. cxd5 Kh8 15.
b5 fxe4 16. Ncxe4 h6 17. Ne6 Bxe6 18. dxe6 d5 19. Nd6 e4 20. Nf7+ Rxf7 21. exf7
Nf5 22. Bg4 Qa5 23. Bxf5 gxf5 24. Qb3 d4 25. Rad1 Qb6 26. Qc4 d3 27. h3 f4 28.
Be7 e3 29. fxe3 fxe3 30. Rxd3 e2+ 31. Qc5 Qe6 32. f8=Q+ Bxf8 33. Bxf8 Rc8 34.
Qe7 Qb6+ 35. Kh1 Rc7 36. Qxe2 1-0

[Event "XXXVI Weekend A Epifania"]
[Site "Torino ITA"]
[Date "2011.01.09"]
[Round "7"]
[White "Martin, Tiziano"]
[Black "Fassio, Luca"]
[Result "0-1"]
[WhiteElo "1944"]
[BlackElo "2089"]
[PlyCount "62"]
[EventDate "2011.01.05"]

1. e4 g6 2. Nc3 Bg7 3. g3 c5 4. Bg2 d6 5. d3 Nc6 6. Be3 e5 7. Nge2 Be6 8. O-O
Nge7 9. Nd5 O-O 10. Nec3 Qd7 11. Bh6 Nxd5 12. Nxd5 Bxd5 13. Bxg7 Kxg7 14. exd5
Ne7 15. c3 b5 16. Qd2 Rab8 17. a3 Qc7 18. f4 f6 19. Rf2 Qb6 20. Raf1 c4 21. Kh1
Qc5 22. fxe5 dxe5 23. dxc4 bxc4 24. d6 Nf5 25. Rxf5 gxf5 26. Rxf5 Rbd8 27. Rh5
Kh8 28. Be4 Rd7 29. Qh6 Qxd6 30. Bxh7 Qd1+ 31. Kg2 Qd2+ 0-1

[Event "XXXVI Weekend A Epifania"]
[Site "Torino ITA"]
[Date "2011.01.09"]
[Round "7"]
[White "Brugnoli, Flavio"]
[Black "Di Chiara, Mauro"]
[Result "1-0"]
[WhiteElo "2038"]
[BlackElo "1952"]
[PlyCount "81"]
[EventDate "2011.01.05"]

1. e4 g6 2. d4 Bg7 3. Nc3 d6 4. g3 Nf6 5. Bg2 O-O 6. Nge2 Nc6 7. h3 e5 8. Be3
Re8 9. O-O exd4 10. Nxd4 Bd7 11. a4 Nxd4 12. Bxd4 Bc6 13. Qd3 a5 14. f4 Nd7 15.
Bxg7 Kxg7 16. Rad1 Nc5 17. Qd4+ Kg8 18. e5 Ne6 19. Qc4 Bxg2 20. Kxg2 Ra6 21.
Ne4 Rc6 22. Nf6+ Kh8 23. Qe2 Qxf6 24. exf6 Nxf4+ 25. Rxf4 Rxe2+ 26. Kf3 Rcxc2
27. Kg4 Rxb2 28. Rc1 c6 29. Rd4 d5 30. Kg5 Re5+ 31. Kg4 Re4+ 32. Rxe4 dxe4 33.
Rd1 h5+ 34. Kg5 e3 35. Rd7 Rd2 36. Rxf7 e2 37. Kxg6 Rd8 38. Rh7+ Kg8 39. f7+
Kf8 40. Rh8+ Ke7 41. Rxd8 1-0